Statistics for College Football Team Names that do not End with 'S'

Click here to take the quiz!

General Stats

  • This quiz has been taken 33 times
  • The average score is 16 of 26

Answer Stats

Team Name % Correct
Alabama
87%
Crimson Tide
87%
Stanford
83%
Cardinal
83%
Fighting Irish
80%
Notre Dame
80%
Syracuse
77%
Orange
77%
Fighting Illini
70%
Illinois
70%
Green Wave
67%
Tulane
67%
Nevada
63%
Wolfpack
63%
NC State
63%
Midshipmen
50%
Navy
50%
Mean Green
43%
North Texas
43%
Tulsa
40%
Golden Hurricane
40%
Thundering Herd
40%
Marshall
40%
Massachusetts
37%
Minutemen
37%

Score Distribution

Percentile by Number Answered

Percent of People with Each Score

Your Score History

You have not taken this quiz